000 00465cam a2200145 4500500
005 20251012032623.0
041 _afre
042 _adc
100 1 0 _aSesé, Bernard
_eauthor
245 0 0 _aRené Rodriguez, Le Faussaire, roman José Corti, 2006, 286 pages.
260 _c2008.
500 _a25
786 0 _nSigila | 21 | 1 | 2008-06-20 | p. 257-258 | 1286-1715
856 4 1 _uhttps://shs.cairn.info/revue-sigila-2008-1-page-257?lang=fr&redirect-ssocas=7080
999 _c1547847
_d1547847